| 000 | 00396 a2200145 4500 | ||
|---|---|---|---|
| 020 | _a8120401816 | ||
| 082 | _a001.4 | ||
| 090 |
_c2273 _d2273 |
||
| 100 | _aBhatnagar,O.P. | ||
| 245 |
_aEvaluation Methodology for Training _bTheory and Practice _cO.P.Bhatnagar |
||
| 260 |
_aNew Delhi _bOxford & IBH Publishing Co. _c1987 |
||
| 300 | _a284p | ||
| 500 | _aHard cover | ||
| 942 |
_aNBS _cBK _k001.4 BHA |
||
| 999 |
_c344775 _d344775 |
||